[Event "Mezinarodni sachovy festival Plzen 2024"]
[Site "?"]
[Date "2024.09.15"]
[Round "7.12"]
[White "Stepanek, Vit"]
[Black "Matejka, Matyas"]
[Result "1/2-1/2"]
[WhiteElo "1725"]
[BlackElo "1573"]
[PlyCount "181"]

1. d4 d5 2. Bf4 e6 3. e3 Nf6 4. Nf3 Bd6 5. Ne5 Nfd7 6. Qg4 g6 7. Bd3 f5 8. Qg3
Nxe5 9. Bxe5 Bxe5 10. Qxe5 Rg8 11. Nc3 a6 12. a3 Nc6 13. Qg3 Rg7 14. h4 Qd6 15.
Qg5 Qe7 16. O-O-O Bd7 17. Ne2 O-O-O 18. Qxe7 Nxe7 19. Nf4 c6 20. c4 Re8 21. c5
Ng8 22. Bc2 Nf6 23. f3 e5 24. dxe5 Rxe5 25. Rd3 Rge7 26. Re1 Be8 27. b4 h6 28.
Kd2 Kc7 29. Rd4 g5 30. hxg5 hxg5 31. Nd3 R5e6 32. Nf2 f4 33. e4 dxe4 34. Nxe4
Nd5 35. Bb3 Re5 36. Rh1 g4 37. Bxd5 cxd5 38. Nf6 Re2+ 39. Kc1 Bc6 40. Rxf4 gxf3
41. gxf3 Rf7 42. Rh7 Ree7 43. Rxf7 Rxf7 44. Kd2 Kd8 45. Kd3 Ke7 46. Ng8+ Kf8
47. Rxf7+ Kxf7 48. Nh6+ Ke6 49. Kd4 Ba4 50. Ng4 Bb3 51. Ne3 Ba2 52. f4 Bb3 53.
f5+ Kf6 54. Nxd5+ Kxf5 55. Nc7 Kf6 56. Ne8+ Ke6 57. Nd6 Bd5 58. Ne8 Bc6 59. Nd6
Kd7 60. Kc4 b5+ 61. Kd4 Bg2 62. Kc3 Kc6 63. Kb3 Bd5+ 64. Kc3 Bg2 65. Kd4 Kd7
66. Ke5 Bh3 67. Nb7 Bg2 68. Na5 Ba8 69. Kd4 Bg2 70. c6+ Bxc6 71. Kc5 Bf3 72.
Kb6 Be2 73. Kxa6 Kc7 74. Nb3 Bf1 75. Nd4 Bd3 76. Nxb5+ Kc6 77. a4 Bf1 78. Ka5
Kb7 79. Nd4 Ka7 80. b5 Kb7 81. b6 Bg2 82. Ne6 Bd5 83. Nc5+ Ka8 84. Kb5 Bf3 85.
a5 Be2+ 86. Kc6 Bf3+ 87. Kc7 Bb7 88. Ne6 Bc8 89. Nd8 Bb7 90. Nc6 Bc8 91. Kxc8
1/2-1/2